000
00225 a2200097 4500
001
7727
100
_a
Shorted, L.R
245
_a
Problems and worked solutions in vector analysis
260
_a
_b
Dover
_c
090
_c
6184
_d
6184
942
_a
NUST-CAE
_c
M
_c
32694
999
_c
242800
_d
242800